08354cam a22003974a 450000100090000000300050000900500170001400800410003101000170007201500190008901600180010802000260012602000290015203500230018103500200020404000540022404200080027805000280028608200160031410000190033024500850034925000120043426000470044630000700049350000540056350000690061750400640068650509170075050520480166750512740371550528040498965000320779370000200782570000280784585600830787314369021PILC20150112093448.0060508s2008 njua b 001 0 eng  a 2006014655 aGBA6983572bnb7 a0136076192Uk a0471694177 (cloth/cd) a9780471694175 (cloth/cd) a(OCoLC)ocm68711967 a(OCoLC)68711967 aDLCcDLCdBAKERdBTCTAdC#PdYDXCPdCOOdUKMdDLC apcc00aTX 911.3.C65b.M55 200800a647.95068/11 aDopson, Lea R.10aFood and beverage cost control /cLea R. Dopson, David K. Hayes, Jack E. Miller. a4th ed. aHoboken, N.J. :bJohn Wiley & Sons,c2008. axxxv, 587 pages :billustration ;c25 cm. +e1 CD-ROM (4 3/4 in.) a"Published simultaneously in Canada"--T.p. verso. aJack E. Miller appeared as the first author on 2nd and 3rd ed.s. aIncludes bibliographical references (p. 579-582) and index.0 aBefore you start: how to use spreadsheets -- Managing revenue and expense -- Professional foodservice manager -- Profit: the reward for service -- Getting started -- Understanding the income (profit and loss) statement -- Understanding the budget -- Determining sales forecasts -- Importance of forecasting sales -- Sales history -- Maintaining sales histories -- Sales variances -- Predicting future sales -- Managing the cost of food -- Menu item forecasting -- Standardized recipes -- Inventory control -- Purchasing -- Receiving -- Storage -- Determining actual food expense -- Managing the cost of beverages -- Serving alcoholic beverages -- Forecasting beverage sales -- Standardized drink recipes and portions -- Purchasing beverage products -- Receiving beverage products -- Storing beverage products -- Bar transfers -- Computing cost of beverages -- Special features of liquor inventory -- Sales mix --0 aManaging the food and beverage production process -- Product issuing -- Inventory control -- Managing the food production area -- Managing the beverage production area -- Employee theft -- Determining actual and attainable product costs -- Reducing overall product cost percentage -- Managing food and beverage pricing -- Menu formats -- Factors affecting menu pricing -- Assigning menu prices -- Special pricing situations -- Managing the cost of labor -- Labor expense in the hospitality industry -- Evaluating labor productivity -- Maintaining a productive workforce -- Measuring current labor productivity -- Managing payroll costs -- Reducing labor-related costs -- Controlling other expenses -- Managing other expenses -- Fixed, variable, and mixed other expenses -- Controllable and noncontrollable other expenses -- Monitoring other expenses -- Reducing other expenses -- Analyzing results using the income statement -- Introduction to financial analysis -- Uniform system of accounts -- Income statement (usar) -- Analysis of sales/volume -- Analysis of food expense -- Analysis of beverage expense -- Analysis of labor expense -- Analysis of other expenses -- Analysis of profits -- Planning for profit -- Financial analysis and profit planning -- Menu analysis -- Cost/volume/profit analysis -- The budget -- Developing the budget -- Monitoring the budget -- Maintaining and improving the revenue control system -- Revenue security -- External threats to revenue security -- Internal threats to revenue security -- Developing the revenue security system -- The complete revenue security system -- Global dimensions of management and the role of technology -- Multinational foodservice operations -- Management challenges in a global economy -- Advances in technology and information management -- Selecting advanced technology products -- Monitoring developments in cost control technology -- Appendix A: Frequently used formulas for managing operations -- Appendix B: Management control forms -- Appendix C: Fun on the web! sites.0 aBefore you start: how to use spreadsheets -- Managing revenue and expense -- Professional foodservice manager -- Profit: the reward for service -- Getting started -- Understanding the profit and loss statement -- Understanding the budget -- Key terms and concepts -- Apply what you have learned -- Test your skills -- Determining sales forecasts -- Importance of forecasting sales -- Sales history -- Maintaining sales histories -- Sales variances -- Predicting future sales -- Technology tools -- Apply what you have learned -- Key terms and concepts -- Test your skills -- Managing the cost of food -- Menu item forecasting -- Standardized recipes -- Inventory control -- Purchasing -- Receiving -- Storage -- Determining actual food expense -- Technology tools -- Apply what you have learned -- Key terms and concepts -- Test your skills -- Managing the cost of beverages -- Serving alcoholic beverages -- Forecasting beverage sales -- Standardized drink recipes and portions -- Purchasing beverage products -- Receiving beverage products -- Storing beverage products -- Bar transfers -- Computing cost of beverages -- Special features of liquor inventory -- Sales mix -- Technology tools -- Apply what you have learned -- Key terms and concepts -- Test your skills.0 aManaging the food and beverage production process -- Product issuing -- Inventory control -- Managing the food production area -- Managing the beverage production area -- Employee theft -- Determining actual and attainable product costs -- Reducing overall product cost percentage -- Technology tools -- Apply what you have learned -- Key terms and concepts -- Test your skills -- Managing food and beverage pricing -- Menu formats -- Factors affecting menu pricing -- Assigning menu prices -- Special pricing situations -- Technology tools -- Apply what you have learned -- Key terms and concepts -- Test your skills -- Managing the cost of labor -- Labor expense in the hospitality industry -- Evaluating labor productivity -- Maintaining a productive workforce -- Measuring current labor productivity -- Managing payroll costs -- Reducing labor-related costs -- Technology tools -- Apply what you have learned -- Key terms and concepts -- Test your skills -- Controlling other expenses -- Managing other expenses -- Fixed, variable, and mixed other expenses -- Controllable and noncontrollable other expenses -- Monitoring other expenses -- Reducing other expenses -- Technology tools -- Apply what you have learned -- Key terms and concepts -- Test your skills -- Analyzing results using the income statement -- Introduction to financial analysis -- Uniform system of accounts -- Income statement (usar) -- Analysis of sales/volume -- Analysis of food expense -- Analysis of beverage expense -- Analysis of labor expense -- Analysis of other expenses -- Analysis of profits -- Technology tools -- Apply what you have learned -- Key terms and concepts -- Test your skills -- Planning for profit -- Financial analysis and profit planning -- Menu analysis -- Cost/volume/profit analysis -- The budget -- Developing the budget -- Monitoring the budget -- Technology tools -- Apply what you have learned -- Key terms and concepts -- Test your skills -- Maintaining and improving the revenue control system -- Revenue security -- External threats to revenue security -- Internal threats to revenue security -- Developing the revenue security system -- The complete revenue security system -- Technology tools -- Apply what you have learned -- Key terms and concepts -- Test your skills -- Global dimensions of management & the role of technology -- Multi-national foodservice operations -- Management challenges in a global economy -- Advances in technology and information management -- Selecting advanced technology products -- Monitoring developments in cost control technology -- Apply what you have learned -- Key terms and concepts -- Test your skills -- Appendix A: Frequently used formulas for managing operations -- Appendix B: Mmanagement control forms -- Appendix C: Fun on the web! sites. 0aFood servicexCost control.1 aHayes, David K.1 aMiller, Jack E.,d1930-413Table of contents onlyuhttp://www.loc.gov/catdir/toc/ecip0613/2006014655.html